Регионална библиотека "Любен Каравелов" - Русе

Спомени за израстването (Запис номер 70713)

MARC детайли
000 -Лидер
Контролно поле с фиксирана дължина 01818nam a2200349 c 4500
003 - Код на организацията, давaща контролен номер
Контролно поле BLK
005 - Дата и час на последна редакция
Контролно поле 20180422103149.0
008 - Елементи от данни с фиксирана дължина
fixed length control field 180408b bul|||||r ||||||| ||bul||
010 ## - Наследен системен номер
LC control number KNG00075074000
020 ## - Международен стандартен номер на книга ISBN
Международен стандартен номер на книга ISBN 954-8797-08-9
-- издат.: Артиздат 5
040 ## - Източник на каталожния запис
Идентификатор на билиотеката - собственик на записа BLK
041 ## - Код за език
Код за езика на текст/звукозапис или на отделно заглавие Български
Код за езика КДБФ Български
080 ## - УДК
Текстов определител УДК Анархисти
УДК код - определител по УДК 329.285
УДК определител (497.2)(091)(093.3)
УДК - код + определител 329.285(497.2)(091)(093.3)
080 ## - УДК
Текстов определител УДК Политическо преследване. Терористични действия. Тероризъм - Атентати, политически убийства. Вж и 343.1 ; 343.3/.7
УДК код - определител по УДК 323.28
УДК определител (497.2)(091)(093.3)
УДК - код + определител 323.28(497.2)(091)(093.3)
100 1# - Редна дума - Автор
Автор Колев, Христо
Авторска отговорност първи автор
Автор - информация (биография) Йорданов, Христо Колев
R(LIN) 371230
139 ## - Редно поле
Редна дума Колев, Христо
Авторски знак Колев - К 78
245 10 - Сведения за заглавието
Заглавие Спомени за израстването
Редно поле (дума) Христо Колев; * Христо Колев Йорданов.
257 ## - Страна на издаване
Страна на създаване/издаване България
260 ## - Област на издателските данни
-- София
Име на издателя, разпространителя и проч. Артиздат 5
Година на издаване 2006
300 ## - Физическа характеристика
Страници 324 с.
Илюстрации и др. с ил., портр., факс.
Размери/Мащаб 24 см
380 ## - Жанр
Жанр Обществени науки
500 ## - Общи забележки
Забележка Съдържа и Анархистите - гордите вестители на очакваното сбъдване / Тр. Велчев. - Пълното име на авт. е Христо Колев Йорданов. - На загл. с. името на авт. Христо Колев - Големия.
650 #4 - Допълнително описание по предмет – тема
Основно описание – тема или топоним Анархизъм - България
9 (RLIN) 249809
653 ## - Ключова дума – ненормативна
Ключова дума анархизъм
653 ## - Ключова дума – ненормативна
Ключова дума спомени
700 1# - Други автори (авторска отговорност)
Лично име Йорданов, Христо Колев
Автороска отговорност (Описва отношението между автора и произведението) *
9 (RLIN) 295076
852 ## - Местоположение
Форматна сигнатура Цб 233912
856 4# - Електронен адрес и достъп
Електронен формат pdf - файл
Път до файла /url/
856 4# - Електронен адрес и достъп
Електронен формат pdf - файл
Път до файла /url/
942 ## - АРТИКУЛИ
Вид на библиотечния материал Книги
Скрит в OPAC Не
944 ## - СЪЗДАВАНЕ И РЕДАКЦИЯ на ЗАПИСА
Създаване/Редакция Създаване
Дата на регистрацията/редакция 17.05.2007
Статус, дата на статуса ф /
Служител, извършил регистрацията/редакцията Геновева_Генчева
944 ## - СЪЗДАВАНЕ И РЕДАКЦИЯ на ЗАПИСА
Създаване/Редакция Редакция
Дата на регистрацията/редакция 11.07.2017
Статус, дата на статуса ф /
Служител, извършил регистрацията/редакцията Людмила_Стоянова
999 ## - СИСТЕМНИ КОНТРОЛНИ НОМЕРА
Koha biblionumber 70713
Koha biblioitemnumber 70713
Наличности
Код за отписване Код за изгубен артикул Код за повреда Коз за рестрикции Код за отдаване Артикулен № Име на библиотеката - собственик Име на библиотеката, в която се намира в момента Статус (Текущо местоположение) Дата на вписване в системата Местоположение - отдел Цена в лева Инвентарен номер Систематично азбучна сигнатура Баркод Номер на екземпляра Цена в евро Служебна бележка Служебен тип на артикула
  Не е изгубен Не е повреден без рестрикции ползва се в читалня 115405 Регионална библиотека "Любен Каравелов" Русе Регионална библиотека "Любен Каравелов" Русе Хранилище 2007-05-16 Хранилище 0.00 120000713606 Цб 233912 120000713606 1 0.00 Дост: Dp Вид: Д N: 50 Дата: 15.11.2006 Книги
  Не е изгубен Не е повреден без рестрикции заемане за дома 115406 Регионална библиотека "Любен Каравелов" Русе Регионална библиотека "Любен Каравелов" Русе Заемна - подръчен фонд 2017-06-27 Заемна - подръчен фонд 19.00 120000812846 П 329(497.2)/К 78 120000812846 2 9.71 Дост: DA Вид: А N: 27 Дата: 27.06.2017 Дата инв: 02.02.2018 Бележки инв: П2018 Книги
Vip Innovations Ltd, Rousse, Bulgaria 2025